|
|
|
|
| LEADER |
00000nam a2200000 4500 |
| 001 |
vtls012276738 |
| 003 |
SK-MaSNL |
| 005 |
20260301232159.0 |
| 008 |
251112s1774 gw ac f 000 0 ger |
| 015 |
|
|
|a SNBHFA
|
| 040 |
|
|
|a SNKHF
|b slo
|c SNK
|e rda
|
| 041 |
0 |
|
|a ger
|
| 044 |
|
|
|a gw
|c DE
|a pl
|c PL
|
| 072 |
|
7 |
|a 57/59
|x Biologické vedy
|2 konspekt
|
| 080 |
|
|
|a 030
|2 2011
|
| 080 |
|
|
|a 57.081.1
|2 2011
|
| 080 |
|
|
|a 57.08.1
|2 2001
|
| 080 |
|
|
|a 0/9
|2 2011
|
| 100 |
1 |
|
|a Martini, Friedrich Heinrich Wilhelm,
|d 1729-1778
|4 aut
|4 aui
|9 265467
|
| 245 |
1 |
0 |
|a Friedrich Heinrich Wilhelm Martini der Arzneygelahrtheit Doktors und approbirten Praktici zu Berlin, der Rỏmisch-Kayserlichen Akademie der Naturforscher, der Fủrstlich Hessischen und Oberlausitzer psysikalischen Societảt Mitgliedes und bestảndigen Sekretảrs der hiesigen Gesellschaft Natursorschender Freunde allgemeine Geschichte der Natur in alphabetischer Ordnung
|b mit vielen Kupfern nach Bomarischer Einrichtung.
|n Erster Theil. Von Aa bis Alaun
|
| 246 |
3 |
0 |
|a Allgemeine Geschichte der Natur in alphabetischer Ordnung
|b mit vielen Kupfern nach Bomarischer Einrichtung
|n Erster Theil. Von Aa bis Alaun
|
| 264 |
|
3 |
|a Berlin und Stettin
|b bey Joachim Pauli
|c 1774
|
| 300 |
|
|
|a 1 nečíslovaný list, XXXXII, to jest 42, 384 strán
|c 8°
|c 22,5 × 14,5 cm
|
| 336 |
|
|
|a text
|b txt
|2 rdacontent
|
| 336 |
|
|
|a statický obraz
|b sti
|2 rdacontent
|
| 337 |
|
|
|a bez média
|b n
|2 rdamedia
|
| 338 |
|
|
|a zväzok
|b nc
|2 rdacarrier
|
| 500 |
|
|
|a Vlysy, linky, medirytinová ilustrácia na titulnom liste, medirytinový portrét Carla von Linného
|
| 501 |
|
|
|a Príväzok 1.: MARTINI, Friedrich Heinrich Wilhelm. Allgemeine Geschichte der Natur in alphabetischer Ordnung, I. Bandes II. Abtheilung. Berlin und Stettin: bey Joachim Pauli, 1774.
|5 SNK IC 146448/1/1-2/prív.1
|
| 504 |
|
|
|a Poznámky pod čiarou, kustody
|
| 508 |
|
|
|a Predslov autora
|
| 510 |
4 |
|
|a VD 18
|c 9083044X
|
| 546 |
|
|
|a Nemčina
|b Fraktúra
|b Antikva
|b Kurzíva
|
| 546 |
|
|
|a Latinčina
|b Antikva
|b Kurzíva
|
| 561 |
|
|
|a Proveniencia: Pečiatka Dr. E. Kadarász-vernot Poz Margity Zayovej.
|5 SNK IC 146448/1/1-2
|
| 562 |
|
|
|a Rukopisné poznámky v nemčine.
|5 SNK IC 146448/1/1-2
|
| 563 |
|
|
|a Väzba: tmavomodrá vzorovaná papierová lepenka na kartóne.
|5 SNK IC 146448/1/1-2
|
| 650 |
0 |
7 |
|a encyklopédie
|2 SNKPH
|9 81740
|
| 650 |
0 |
7 |
|a prírodoveda
|2 SNKPH
|9 3960
|
| 650 |
0 |
7 |
|a prírodopis
|2 SNKPH
|9 3586
|
| 650 |
0 |
7 |
|a všeobecné vedomosti
|2 SNKPH
|9 4163
|
| 700 |
1 |
|
|a Glassbach, Benjamin,
|d narodený 1757
|4 egr
|9 625419
|
| 700 |
1 |
|
|a Zaiová, Margita,
|d 1868-1937
|4 fmo
|9 186369
|
| 700 |
1 |
|
|a Linné, Carl von,
|d 1707-1778
|4 dpc
|9 159070
|
| 700 |
1 |
|
|a Pauli, Joachim,
|d 1733-1812
|4 prt
|9 313357
|
| 710 |
0 |
|
|a Pauli, Joachim (Berlín, Nemecko),
|d 1762-asi 1810
|4 prt
|9 259233
|
| 752 |
|
|
|a Nemecko
|d Berlín
|
| 752 |
|
|
|a Poľsko
|d Štetín
|
| 852 |
|
|
|a Slovenská národná knižnica
|b Zaiova knižnica: Zay 8763 (Z 10065)
|p IC 146448/1/1-2
|
| 958 |
|
|
|a DD
|
| 958 |
|
|
|a ONDV
|
| 999 |
|
|
|c 960693
|d 962623
|
| 952 |
|
|
|t Zay 8763 (Z 10065)
|a SNK
|b SNK
|c SNK_HF
|y PREZ
|7 0
|p 17A1567738
|o snkIC 146448/1/1-2
|i snk2025/8171
|8 5
|z Kniha má jeden príväzok
|0 0
|1 0
|4 0
|d 2025-05-21
|l 0
|r 2026-02-24 10:17:50
|w 2026-02-24
|